| 000 -LEADER |
| fixed length control field |
00979cam a2200253 i 4500 |
| 005 - DATE AND TIME OF LATEST TRANSACTION |
| control field |
20200309133923.0 |
| 008 - FIXED-LENGTH DATA ELEMENTS--GENERAL INFORMATION |
| fixed length control field |
170522s2018 nyua b 001 0 eng |
| 020 ## - INTERNATIONAL STANDARD BOOK NUMBER |
| International Standard Book Number |
9781138831049 (hardback) |
| 020 ## - INTERNATIONAL STANDARD BOOK NUMBER |
| International Standard Book Number |
9781138831063 (pbk.) |
| 040 ## - CATALOGING SOURCE |
| Original cataloging agency |
DLC |
| Language of cataloging |
eng |
| Transcribing agency |
DLC |
| Description conventions |
rda |
| Modifying agency |
DLC |
| 042 ## - AUTHENTICATION CODE |
| Authentication code |
pcc |
| 050 00 - LIBRARY OF CONGRESS CALL NUMBER |
| Classification number |
TA684 |
| Item number |
.M384 2018 |
| 082 00 - DEWEY DECIMAL CLASSIFICATION NUMBER |
| Classification number |
721.0447142 |
| Edition number |
23 |
| Item number |
MCM |
| 100 1# - MAIN ENTRY--PERSONAL NAME |
| Personal name |
McMullin, Paul W., |
| Relator term |
author. |
| 245 10 - TITLE STATEMENT |
| Title |
Steel design / |
| Statement of responsibility, etc |
edited by Paul W. McMullin, Jonathan S. Price and Richard T. Seelos. |
| 300 ## - PHYSICAL DESCRIPTION |
| Extent |
xvi, 311 pages : |
| Other physical details |
illustrations (some color) ; |
| Dimensions |
20 cm |
| 504 ## - BIBLIOGRAPHY, ETC. NOTE |
| Bibliography, etc |
Includes bibliographical references (pages [293]-294) and index. |
| 650 #0 - SUBJECT ADDED ENTRY--TOPICAL TERM |
| Topical term or geographic name as entry element |
Building, Iron and steel. |
| 650 #0 - SUBJECT ADDED ENTRY--TOPICAL TERM |
| Topical term or geographic name as entry element |
Structural design. |
| 700 1# - ADDED ENTRY--PERSONAL NAME |
| Personal name |
Price, Jonathan S., |
| Relator term |
author. |
| 906 ## - LOCAL DATA ELEMENT F, LDF (RLIN) |
| a |
7 |
| b |
cbc |
| c |
orignew |
| d |
1 |
| e |
ecip |
| f |
20 |
| g |
y-gencatlg |
| 942 ## - ADDED ENTRY ELEMENTS (KOHA) |
| Source of classification or shelving scheme |
|
| 955 ## - COPY-LEVEL INFORMATION (RLIN) |
| Book number/undivided call number, CCAL (RLIN) |
rk11 2017-05-22 |
| Copy status, CST (RLIN) |
rk11 2017-05-22 to Dewey |
| Classification number, CCAL (RLIN) |
xn13 2018-07-26 1 copy rec'd., to CIP ver. |
| -- |
rk20 2018-07-31 book received in ART |